000 00458nam a22001817a 4500
003 MPLRDC
005 20220104124150.0
008 210129b ||||| |||| 00| 0 eng d
020 _a7-5036-0886-2
082 _a874.57 DLM
100 _a玛格丽特. 杜鲁门著; 陈锋、李明黎译
245 _a最高法院谋杀案
_c
250 _a一版一刷
260 _a
_b法律出版社
_c1991
300 _b
650 _a
942 _cBK
_o874.57 DLM
999 _c17154
_d17144